Statistics for Animals by Close-up Image

Click here to take the quiz!

General Stats

  • This quiz has been taken 3 times
  • The average score is 3 of 16

Answer Stats

Answer% Correct
Tiger
100%
Zebra
100%
Giant Panda
50%
Giraffe
50%
Armadillo
0%
Clownfish
0%
Cobra
0%
Dog
0%
Emperor Penguin
0%
Jaguar
0%
Killer Whale
0%
Ladybug
0%
Monarch Butterfly
0%
Peacock
0%
Skunk
0%
Turkey
0%

Score Distribution

Percentile by Number Answered

Percent of People with Each Score

Your Score History

You have not taken this quiz